1398 1276 1059 1026 1808 1345 1609 1028 1714 1396 1578 2000 1736 1632 1082 1799 1651 1924 1402 1667 1256 1893 1292 1692 1577 1406 1540 1433 1052 1131 1934 1616 1004 1294 1490 1616 1973 1612 1430 1270 1390 1161 1082 1206 1659 1270 1267 1176 1425 1678 1431 1662 1804 1669 1576 1240 1616 1897 1996 1833 1441 1247 1989 1980 1894 1329 1953 1729 1263 1990 1337 1806 1631 1651 1807 1281 1586 1956 1952 1989 1593 1171 1309 1301 1298 1412 1520 1588 1921 1778 1721 1975 1587 1882 1865 1384 1189 1002 1455 BCNSPRNW ULIB Ver.6.0+V

เปลี่ยนเป็นภาษาไทย

Change to English
 แสดงรายละเอียดบรรณานุกรม
  กลับหน้าหลัก

Brief Record : Get Marc (ISO 2709) : E-mail record : QR code < ปิดหน้าต่าง
LEADER : 00000nam 2200000uu 4500
001    13399123263
003     ULIB
008    140813s||||||||th 000 0 tha d
020    ^a9749588045
050  4 ^aPL4185^bพ174
245 00 ^aพจนานุกรม ฉบับราชบัณฑิตยสถาน พ.ศ. 2542 /^cราชบัณฑิตยสถาน
246 30 ^aพจนานุกรม
250    ^aพิมพ์ครั้งที่ 1
260    ^aกรุงเทพฯ :^bนานมีบุ๊คส์พับลิเคชั่น,^c2546
300    ^aก-ฒ, (29), 1,436 หน้า :^bภาพประกอบ (ภาพสีบางภาพ) ;^c27 ซม.
650  4 ^aภาษาไทย^vพจนานุกรม
710 2  ^aราชบัณฑิตยสถาน
945    ^p600^l0^i034561
999    ^aเกษร โพธิ์สุวรรณ
รายการนี้ยังไม่มีแท็ก
คุณยังไม่ได้ล็อกอิน คุณสามารถมีกิจกรรมร่วมกับเว็บไซต์ได้ แต่ต้องล็อกอินก่อน ::
  ล็อกอิน

รายการสื่อสารสนเทศ

ลำดับที่ ประเภท เลขเรียก/บาร์โค้ด สถานที่ สถานะ
1. การศึกษาทั่วไป
การศึกษาทั่วไป
PL4185 พ174 ฉ.1 
  Barcode: 034561
ห้องสมุดวิทยาเขตนครสวรรค์
►นวนิยาย:l:Fiction
บนชั้น
Note:อภินันทนาการโดย คุณปรีชา สมุทรักษ์

BibComment


ยังไม่เคยถูกคอมเมนท์

คอมเมนท์ทรัพยากรรายการนี้
  คอมเมนท์: พจนานุกรม ฉบับรา..


 Copyright 2026. Bcnsprnw @Library